00813nam a2200265Ia 4500001000500000005001700005008004100022020001500063040003500078041000800113084001100121100003200132245007500164250002200239264003400261300002500295336002700320337003300347338002800380490002300408650003100431650002500462650003000487650003000517100920260226201302.0121119s2002 ck gr 000 j spa  a958300328X aCO-BoRNBPbspaerdacCO-BoRNBP0 aspa aC KIP11 aKipling, Rudyardd1865-193610aCómo el leopardo obtuvo sus manchas y otros cuentoscRudyard Kipling aTercera edición aBogotá bPanamericanac2002 a168 páginasc16 cm atextobtxt2rdacontent asin mediaciónbn2rdamedia avolumenbnc2rdacarrier0 aCajón de cuentos14aAntologíavCuentos2LEMB14aCuentos indios2LEMB14aCuentos infantiles 2LEMB14aLiteratura hindú 2LEMB